Normal view
MARC view
Entry Personal Name
001 - CONTROL NUMBER
- control field: 237106
003 - CONTROL NUMBER IDENTIFIER
- control field: OSt
005 - DATE AND TIME OF LATEST TRANSACTION
- control field: 20250825162535.0
008 - FIXED-LENGTH DATA ELEMENTS
- fixed length control field: 250825|| aca||aabn | a|a d
040 ## - CATALOGING SOURCE
- Original cataloging agency: OSt
- Transcribing agency: OSt
100 ## - HEADING--PERSONAL NAME
- Personal name: Englehart, Neil
670 ## - SOURCE DATA FOUND
- Source citation: Work cat.: (OSt)148020: Mahmood Monshipouri 237104, Constructing human rights in the age of globalization, 2004